Droit de l'apatridie (Record no. 3886)

MARC details
000 -LEADER
fixed length control field 03315cam a2200505Mi 4500
001 - CONTROL NUMBER
control field ocn862959879
003 - CONTROL NUMBER IDENTIFIER
control field OCoLC
005 - DATE AND TIME OF LATEST TRANSACTION
control field 20200304173639.0
008 - FIXED-LENGTH DATA ELEMENTS--GENERAL INFORMATION
fixed length control field 131021q2013uuuufr f b 000 0 fre d
016 7# - NATIONAL BIBLIOGRAPHIC AGENCY CONTROL NUMBER
Record control number FRBNF450307720000001
Source FrPBN
020 ## - INTERNATIONAL STANDARD BOOK NUMBER
International Standard Book Number 9782342010695
020 ## - INTERNATIONAL STANDARD BOOK NUMBER
International Standard Book Number 2342010699
029 0# - (OCLC)
OCLC library identifier ZWZ
System control number 172472393
029 1# - (OCLC)
OCLC library identifier BDF
System control number FRBNF450307720000001
029 1# - (OCLC)
OCLC library identifier DEBSZ
System control number 399422625
029 1# - (OCLC)
OCLC library identifier GBVCP
System control number 775879053
035 ## - SYSTEM CONTROL NUMBER
System control number (OCoLC)862959879
040 ## - CATALOGING SOURCE
Original cataloging agency ZWZ
Language of cataloging fre
Description conventions ncafnor
Transcribing agency ZWZ
Modifying agency DEBSZ
-- LOA
-- LVB
-- UQ1
-- BDF
-- OCLCQ
-- CHBCC
049 ## - LOCAL HOLDINGS (OCLC)
Holding library TZAA
050 #4 - LIBRARY OF CONGRESS CALL NUMBER
Classification number K712
Item number .L55
082 04 - DEWEY DECIMAL CLASSIFICATION NUMBER
Classification number A341.4842
100 1# - MAIN ENTRY--PERSONAL NAME
Personal name Likibi, Romuald,
Relator term Auteur.
9 (RLIN) 8969
245 13 - TITLE STATEMENT
Title Droit de l'apatridie
Medium [Texte imprimé] :
Remainder of title pratiques et controverses /
Statement of responsibility, etc Romuald Likibi.
260 ## - PUBLICATION, DISTRIBUTION, ETC. (IMPRINT)
Place of publication, distribution, etc Paris :
Name of publisher, distributor, etc Publibook,
Date of publication, distribution, etc 2013.
300 ## - PHYSICAL DESCRIPTION
Extent 1 vol. (418 p.) ;
Dimensions 24 cm.
490 1# - SERIES STATEMENT
Series statement Droit
504 ## - BIBLIOGRAPHY, ETC. NOTE
Bibliography, etc Bibliogr. p. 385-386. Notes bibliogr.
520 ## - SUMMARY, ETC.
Summary, etc La 4e de couverture indique : "Alors que l'UE célèbre le 20e anniversaire de la "citoyenneté européenne", de nombreuses personnes dans le monde demeurent encore dans une situation de déni de droits de ce point de vue: les apatrides. Ce phénomène structurel et mondial est bien ancré dans le temps. Dépourvus de nationalité et de citoyenneté, ils ont le choix entre rester dans leur pays de naissance sans disposer d'aucune capacité juridique encore moins d'existence légale ou tenter de rejoindre d'autres horizons dans le but justement d'essayer d'y faire valoir des droits parmi les plus élémentaires. Quand une partie de l'humanité refuse soit d'accorder soit de reconnaître à une autre sa part humanité, l'on ne peut que s'interroger sur la réalité voire l'état même des droits de l'homme. Malheureusement même dans les pays d'accueil, leur sort est tout aussi ingrat qu'indigne. La condition du demandeur du statut d'apatridie en Europe laisse à désirer. Cet ouvrage est une introspection permettant de ramener la lumière sur cette catégorie de migrants en comparant les actions possibles des différents acteurs de la société internationale. Le rôle du H.C.R est analysé sans artifices et surtout de manière soutenue et objective. Y sont également scrutées les multiples tentatives de réponses apportées à tous les échelons suivies d'un examen méticuleux de quelques procédures de demande du statut d'apatride à l'instar de ceux de la France et de la Belgique. Aucun continent n'est oublié par ce travail complet et parcimonieux. Un éclairage édifiant qui interpelle inévitablement chacun d'entre nous en tant que citoyen du monde."
650 #0 - SUBJECT ADDED ENTRY--TOPICAL TERM
Topical term or geographic name as entry element Apatridie.
9 (RLIN) 1399
650 #0 - SUBJECT ADDED ENTRY--TOPICAL TERM
Topical term or geographic name as entry element Apatrides
General subdivision Statut juridique.
650 #6 - SUBJECT ADDED ENTRY--TOPICAL TERM
Topical term or geographic name as entry element Apatridie.
9 (RLIN) 1399
650 #6 - SUBJECT ADDED ENTRY--TOPICAL TERM
Topical term or geographic name as entry element Apatrides
General subdivision Droit.
650 #7 - SUBJECT ADDED ENTRY--TOPICAL TERM
Topical term or geographic name as entry element Apatridie.
Source of heading or term ram
9 (RLIN) 1399
650 #7 - SUBJECT ADDED ENTRY--TOPICAL TERM
Topical term or geographic name as entry element Apatrides
General subdivision Statut juridique.
Source of heading or term ram
650 #7 - SUBJECT ADDED ENTRY--TOPICAL TERM
Topical term or geographic name as entry element Citizenship
9 (RLIN) 1402
650 #7 - SUBJECT ADDED ENTRY--TOPICAL TERM
Topical term or geographic name as entry element Apatridie.
Source of heading or term rero
9 (RLIN) 1399
650 #7 - SUBJECT ADDED ENTRY--TOPICAL TERM
Topical term or geographic name as entry element Nationalité
Source of heading or term rero
650 #7 - SUBJECT ADDED ENTRY--TOPICAL TERM
Topical term or geographic name as entry element Droit international.
Source of heading or term rero
650 #7 - SUBJECT ADDED ENTRY--TOPICAL TERM
Topical term or geographic name as entry element Droit.
Source of heading or term rero
650 #7 - SUBJECT ADDED ENTRY--TOPICAL TERM
Topical term or geographic name as entry element Statelessness
9 (RLIN) 1398
651 #7 - SUBJECT ADDED ENTRY--GEOGRAPHIC NAME
Geographic name France.
Source of heading or term rero
830 #0 - SERIES ADDED ENTRY--UNIFORM TITLE
Uniform title EPU, Éditions Publibook université
9 (RLIN) 13788
856 42 - ELECTRONIC LOCATION AND ACCESS
Materials specified Notice et cote du catalogue de la Bibliothèque nationale de France
Uniform Resource Identifier <a href="http://catalogue.bnf.fr/ark:/12148/cb45030772k">http://catalogue.bnf.fr/ark:/12148/cb45030772k</a>
942 ## - ADDED ENTRY ELEMENTS (KOHA)
Source of classification or shelving scheme Library of Congress Classification
Koha item type Books
Holdings
Home library Current library Date acquired Full call number Barcode Koha item type
African Court on Human and Peoples' Rights Library African Court on Human and Peoples' Rights Library 11/12/2017 K712 .L55 10219307 Books
African Court on Human and Peoples' Rights Library African Court on Human and Peoples' Rights Library 11/12/2017 K712 .L55 1021934X Books

African Court on Human and Peoples' Rights | For Inquiries Contact » +255 272 510 510